000 00738nam a22001937a 4500
005 20170421124850.0
010 _aENG-117903
020 _c2180.00
_a9788184845341
035 _aEN-101435
037 _bDBAD/PUB
100 _aSharma,Kalpana
245 _aWTO and India's exports :
_cby Kalpana Sharma [and] Nar Singh
_bperformance,policy measures and challenges of productivity and competitiveness /
260 _aNew Delhi
_bRahul Composers
_c2016
270 _aNew Highway Apartments, Lakshmi Niwas 760,Pocket-D, Lok Nayak Puram,
_bNew Delhi
_e110041
300 _axii,513p.:
_c22cm(Hb)
_bill.
500 _aincludes bibliograpical reference and index
700 _aNar Singh
942 _2ddc
_cEN
_h338.10954
_mSHA
999 _c139182
_d139182